000 00823nam a2200241Ia 4500
003 OSt
005 20230906111634.0
008 210716s2011 xx 000 0 und d
020 _a9780070681873
040 _cAIMIT LIBRARY
041 _aeng
082 _a005.13
_21
_bBUSH
100 _aBuhari, Seyed Mohamed.
_9132761
245 _aPrinciples of programming languages:
_bparadigm approach /
_cBy Seyed Mohamed Buhari.
250 _a1st ed.
260 _aNew Delhi :
_bTata McGraw Hill Education Private Limited ,
_c2011.
300 _axx,441p. ;
_bPB
_c24 cm.
650 _aImperative programming languages
_9132762
650 _aConcurrent and distributed programming
_9132763
650 _aLogical programming languages
_9132764
650 _aStorage management
_9132765
942 _2ddc
_cBK
_e1st ed.
_k005.13 BUHS
999 _c191952
_d191952